Uranium, nonproliferation and energy security

This book provides information about industrial nuclear energy, product uranium and government policy

Đã lưu trong:
书目详细资料
主要作者: Warnecke, Steven J.
格式: 图书
语言:Undetermined
出版: Paris The Atlantic Institute for International Affairs 1979
主题:
标签: 添加标签
没有标签, 成为第一个标记此记录!
Thư viện lưu trữ: Trung tâm Học liệu Trường Đại học Cần Thơ
LEADER 00719nam a2200205Ia 4500
001 CTU_106954
008 210402s9999 xx 000 0 und d
082 |a 338.7924 
082 |b W278 
100 |a Warnecke, Steven J. 
245 0 |a Uranium, nonproliferation and energy security 
245 0 |c Steven J. Warnecke 
260 |a Paris 
260 |b The Atlantic Institute for International Affairs 
260 |c 1979 
520 |a This book provides information about industrial nuclear energy, product uranium and government policy 
650 |a Nuclear energy,Uranium,Nuclear industry 
650 |x Government policy,Security measures 
904 |i Truc 
980 |a Trung tâm Học liệu Trường Đại học Cần Thơ